| 000 | 00838nam a2200253 i 4500 | ||
|---|---|---|---|
| 001 | 69078 | ||
| 003 | ES-MaACL | ||
| 005 | 20240501063035.0 | ||
| 007 | t| | ||
| 008 | 040908s2003 sp ||||1| spa d | ||
| 020 | _a84-89666-49-0 | ||
| 080 | _a821.134.2(83)-14"19" | ||
| 100 | 1 |
_aHuidobro, Vicente, _d1893-1948 _964670 |
|
| 245 | 1 | 0 |
_aObra poética / _cVicente Huidobro ; edición crítica, Cedomil Goic, coordinador. |
| 250 | _a1ª ed. | ||
| 260 |
_aMadrid [etc.] : _bALLCA XX, _c2003. |
||
| 300 |
_a1817 p., [48] p. de lám. ; _c24 cm. |
||
| 490 | 1 |
_aColección Archivos ; _v45 |
|
| 600 | 1 | 4 |
_aHuidobro, Vicente, _d1893-1948- _xCrítica e interpretación _964671 |
| 700 | 1 |
_aGoic, Cedomil. _957605 |
|
| 830 | 0 |
_aColección Archivos ; _v45 _9178295 |
|
| 852 |
_aES-MaACL _jL-28069 _bR.134008 |
||
| 999 |
_c69078 _d69078 |
||